000 00701nam a2200205 a 4500
001 000011069
005 20240412074222.0
008 091014s2004 dr r 000 0 spa d
040 _aDO-SdBNP
_bspa
_cBNPHU
082 _aRD861.44
_bR569o
100 1 _aRiggio Pou, Güido,
_d1949-
_926573
245 1 3 _aEl otro jardín /
_cGüido Riggio Pou.
260 _aSantiago de los Caballeros, República Dominicana :
_bs.n.,
_c2004.
300 _a37 p. ;
_c22 cm.
500 _aIncluye datos biográficos del autor en la solapa de la cubierta
590 _aInventariado, 2018/BT
650 0 _aPoesía dominicana
_966
650 0 _aLiteratura dominicana.
_967
910 _aValidado. Control de calidad. MMOLINA
999 _c10794
_d10794